El poeta anónimo o el eterno presente de Juan Luis Martínez

Gardado en:
Detalles Bibliográficos
Autor Principal: Martínez Holger, Juan Luis (autor)
Formato: Libro
Idioma:Lingua castelá
Publicado: Sao Paulo Cosac Naify 2012
Subjects:
Tags: Engadir etiqueta
Sen Etiquetas, Sexa o primeiro en etiquetar este rexistro!

MARC

LEADER 00000cam a2200000 a 4500
001 UCF7716
003 CL-VaPUC
005 20230531074415.0
008 130704e20120000BL |||||||||||||||||spa|d
999 |c 352512  |d 352510 
020 |a 9788540502604 
040 |c Pontificia Universidad Católica de Valparaíso 
082 0 4 |a Ch861  |b MAR  |2 21 
100 |a Martínez Holger, Juan Luis  |e autor  |9 863055 
245 1 3 |a El poeta anónimo o el eterno presente de Juan Luis Martínez 
260 |a Sao Paulo  |b Cosac Naify  |c 2012 
300 |a pág. irreg 
583 |a last modification  |c 20130704 11:43:00  |k Rodrigo Vera 
650 0 |a Poesías chilenas   |9 265280 
650 0 |a Literatura chilena   |9 308278 
650 0 |a Estética   |9 264950 
942 |c BK  |2 ddc 
945 |d 20130704 00:00:00  |a dcastane 
952 |0 0  |1 0  |2 ddc  |4 0  |6 CH_861_000000000000000_MAR_2012  |7 0  |8 A  |9 457062  |a BIBART  |b BIBART  |d 2019-11-22  |i 4985109  |o Ch861 MAR 2012  |p 4985109  |r 2023-01-11  |w 2019-11-22  |y BK  |k ART